All NBA Finals MVP Since 2000 - Statistics

Estatísticas Gerais
  • Esse quiz foi jogado 521 vezes
  • A pontuação média é 19 de 23
Estatísticas das Respostas
Hint Resposta % Correto
2020 Lebron James
99%
2016 Lebron James
99%
2013 Lebron James
99%
2012 Lebron James
99%
2022 Stephen Curry
99%
2018 Kevin Durant
93%
2017 Kevin Durant
93%
2010 Kobe Bryant
92%
2009 Kobe Bryant
92%
2002 Shaquille O'neal
85%
2001 Shaquille O'neal
85%
2000 Shaquille O'neal
85%
2019 Kawhi Leonard
83%
2014 Kawhi Leonard
83%
2011 Dirk Nowitzki
80%
2005 Tim Duncan
80%
2003 Tim Duncan
80%
2021 Giannis Antetokounmpo
78%
2006 Dwyane Wade
72%
2015 Andre Iguodala
67%
2008 Paul Pierce
65%
2007 Tony Parker
51%
2004 Chauncey Billups
34%
Nenhum quiz correspondente encontrado
Distribuição das Pontuações
Porcentagem de Pessoas com Cada Pontuação
Percentil de Números Respondidos
Sua Pontuação Histórica
Você não jogou esse quiz